Digital electronics : (Record no. 939)

MARC details
000 -LEADER
fixed length control field 00656nac a22001811u 4500
010 ## - LIBRARY OF CONGRESS CONTROL NUMBER
LC control number 2001040920
020 ## - INTERNATIONAL STANDARD BOOK NUMBER
International Standard Book Number 0130931020
082 00 - DEWEY DECIMAL CLASSIFICATION NUMBER
Classification number 621.381
Item number B2838
090 ## - LOCALLY ASSIGNED LC-TYPE CALL NUMBER (OCLC); LOCAL CALL NUMBER (OCLC)
-- 939
-- 939
100 ## - MAIN ENTRY--PERSONAL NAME
Personal name Bartelt, Terry L. M.
245 10 - TITLE STATEMENT
Title Digital electronics :
Remainder of title an integrated laboratory approach /
Statement of responsibility, etc Terry L.M. Bartelt.
260 ## - PUBLICATION, DISTRIBUTION, ETC. (IMPRINT)
Place of publication, distribution, etc Upper Saddle River, NJ :
Name of publisher, distributor, etc Prentice Hall,
Date of publication, distribution, etc c2002.
300 ## - PHYSICAL DESCRIPTION
Extent xii, 546 p. :
Other physical details ill. ;
Dimensions 28 cm.
500 ## - GENERAL NOTE
General note Includes index.
650 #0 - SUBJECT ADDED ENTRY--TOPICAL TERM
Topical term or geographic name as entry element Digital electronics.
942 ## - ADDED ENTRY ELEMENTS (KOHA)
Item type Book - Borrowing
Call number prefix 621.381B2838
Holdings
Withdrawn status Item status Source of classification or shelving scheme Damaged status Not for loan Home library Current library Shelving location Date acquired Source of acquisition Cost, normal purchase price Total Checkouts Full call number Barcode Date last seen Cost, replacement price Koha item type
    Dewey Decimal Classification     Central Library Central Library First floor 06/08/2010 Purchase 282.00   621.381 BAR 000003582 15/07/2025 352.50 Book - Borrowing